000
00344nam a2200145Ia 4500
008
230718s9999 xx 000 0 und d
041
_a
Eng.
082
_a
344.52
_b
HAS-E
100
_a
Hasan,Javad
245
0
_a
Environmental law in Pakistan
260
_a
Pakistan
_b
Manzoor book house
_c
2014
300
_a
758
650
_a
Law
999
_c
30189
_d
30189